01360nam a2200349Ia 4500001001200000003000800012006001900020007001500039008004100054010001700095020002700112020003000139020001800169040002100187035002100208050002500229082001500254245009500269260005400364300001900418490005400437504005100491533015200542650001600694650003000710655002900740700002600769710001700795830005500812856012600867999001700993ebr10660439CaPaEBRm u cr cn|||||||||090211s2009 nyua sb 001 0 eng d z 2009006346 z1607413094 (hardcover) z9781607413097 (hardcover) z9781608764037 aCaPaEBRcCaPaEBR a(OCoLC)61005949814aRC952.5b.C43 2009eb04a618.9722200aChallenges in acute geriatric careh[electronic resource] /cJochanan E. Naschitz, editor. aHauppauge, NY :bNova Science Publishers,cc2009. a189 p. :bill.1 aGeriatrics, gerontology and elderly issues series aIncludes bibliographical references and index. aElectronic reproduction.bPalo Alto, Calif. :cebrary,d2013.nAvailable via World Wide Web.nAccess may be limited to ebrary affiliated libraries. 0aGeriatrics. 0aGeriatricsvCase studies. 7aElectronic books.2local1 aNaschitz, Jochanan E.2 aebrary, Inc. 0aGeriatrics, gerontology and elderly issues series.40uhttp://site.ebrary.com/lib/rucke/Doc?id=10660439zAn electronic book accessible through the World Wide Web; click to view c67777d67777